Responses for Show #3298 - Wednesday, December 30, 1998

Contestants

[<< previous game]

Pete Fistanic, a bond salesman from Los Angeles, California

Ardys Eserhut, a U.S. Postal Service clerk from Olympia, Washington

Colleen McSwiggin, a microbiologist from Cincinnati, Ohio (whose 1-day cash winnings total $10,595)

[next game >>]

Jeopardy! Round responses

PROVINCES
(Alex: We'll give you the provinces, you name the country.)
1930s AVIATION
OSCAR!
BOWL GAMES
MONKEY BUSINESS
"OOPS"
    $100 12
Canada

Ardys
    $100 22
(Ardys: Who is Orville Wright?)
(Colleen: Who is Wilbur Wright?)

Henry Ford

ColleenArdysPete
    $100 1
Oscar Madison

Ardys
    $100 6
(Colleen: What is the Super Bowl?)

the Sugar Bowl

ColleenPete
    $100 8
(Ardys: What is chocolate?)

banana

ArdysPete
    $100 17
Loops

Pete
    $200 13
Poland

Ardys
    $200 23
(Ardys: What is scirocco?)

Kamikaze

Ardys
Triple Stumper
    $200 2
Oscar the Grouch

Pete
    $200 7
(Ardys: What is the Pineapple Bowl?)
(Pete: What is the Hula Bowl?)

the Aloha Bowl

ColleenArdysPete
    $200 27
Beck

Pete
    $200 18
whoops

Colleen
    $300 14
Cuba

Ardys
    $300 24
Mount Kilimanjaro

Pete
    $300 3
Oscar De La Hoya

Ardys
    $300 9
the Peach Bowl

Pete
    $300 28
Curious George

Pete
    $300 19
troops

Ardys
    $400 15
Ireland

Colleen
    $400 25
(Alex: We have a minute to go.)

a Zeppelin

Pete
    $400 4
Oscar Hammerstein

Ardys
    $500 10
the Liberty Bowl

Pete
    $400 29
Sea Monkeys

Pete
    $400 20
(Pete: What are coops?)

hoops

ColleenPete
    $500 16
(Ardys: What is Switzerland?)

Austria

ArdysPete
    $500 26
(Ardys: What is American Airlines?)

United Airlines

ArdysPete
    $500 5
Oscar de la Renta

Pete
    $500 11
the Tostitos Fiesta Bowl

Triple Stumper
    $500 30
Bruce Willis

Pete
    $500 21
(Ardys: What is stoop?)
...
(Alex: Needed the "S" at the end.)

stoops

ColleenArdys

Scores at the first commercial break (after clue 12):

Colleen Ardys Pete
$100 $600 $1,500

Scores at the end of the Jeopardy! Round:

Colleen Ardys Pete
$1,500 -$400 $4,400

Double Jeopardy! Round responses

HISTORIC NAMES
METALS
THE DIRECTOR'S CHAIR
LITERARY HODGEPODGE
20th CENTURY DESIGN
WORD & PHRASE ORIGINS
    $200 2
John Paul I

Colleen
    $200 18
(Pete: What is iron?)
(Colleen: What is gallium?)

lead

ColleenPete
Triple Stumper
    $200 3
Martin Scorsese

Pete
    $200 11
Nicholas Nickleby

Colleen
    $200 1
[A Mac computer was shown.]

Apple

Pete
    $200 24
derriere

Colleen
    $400 8
Florence Nightingale

Pete
    $400 19
titanium

Ardys
    $400 4
Stanley Kubrick

Pete
    $400 12
Jude the Obscure

Ardys
    $400 16
(Ardys: What is Washington, D.C.?)

Paris

ArdysPete
    $400 25
The Communist Manifesto

Colleen
    $600 9
Eric the Red

Colleen
    $600 20
(Colleen: What is tungsten?)

silver

Colleen
Triple Stumper
    $600 5
Ingmar Bergman

Pete
    $600 13
Le Morte d' Arthur

Colleen
    $600 23
(Ardys: Who is Lloyd?)
...
(Alex: About a minute to go.)

Frank Lloyd Wright

ArdysPete
    $600 26
jurisprudence

Triple Stumper
    $1,000 10
(Colleen: Who was Ampère?)

Louis Daguerre

Colleen
    $800 21
rhodium

Triple Stumper
    $800 6
Ridley Scott

Pete
    $800 14
Sir Walter Scott

Triple Stumper
    $800 22
chairs

Triple Stumper
    $1000 17
"Lighthorse" Harry Lee

Triple Stumper
    $1000 28
[The end-of-round signal sounds.]

tungsten

Colleen
    $1,800 7
(Alex: Pete, you ran the categor, and as a result, you have a big lead!)

Francois Truffaut

Pete
    $1000 15
Long Distance Runner

Ardys
    $1000 27
Walter Gropius

Triple Stumper

Scores at the end of the Double Jeopardy! Round:

Colleen Ardys Pete
$2,900 $400 $9,600
(lock game)

[wagering suggestions for these scores]

Final Jeopardy! Round responses

AMERICAN POLITICIANS
(Alex: [*], long-time Speaker of the House, aka "Mr. Sam".)
...
(Pete: Nick and Kevin--my two sons!)
(Alex: Two people who have never been in your kitchen, right?)
ArdysWho was Sam Rayburn?
$399
ColleenWho was Long?
$2,000
PeteWho Nick Kevin
$3,799
Sam Rayburn

Final scores:

Colleen Ardys Pete
$900 $799 $5,801
2nd place: Monorail Desktop PC & Broyhill Home Office Armoire 3rd place: Yamaha Clavinova Digital Piano New champion: $5,801

Game dynamics:

Coryat scores:

Colleen Ardys Pete
$3,900 $400 $8,700
12 R,
5 W
(including 1 DD)
10 R,
9 W
25 R
(including 2 DDs),
3 W

Combined Coryat: $13,000

[game clues] [game scores] [suggest correction]

Game tape date: 1998-11-04
The J! Archive is created by fans, for fans. Scraping, republication, monetization, and malicious use prohibited; this site may use cookies and collect identifying information. See terms. The Jeopardy! game show and all elements thereof, including but not limited to copyright and trademark thereto, are the property of Jeopardy Productions, Inc. and are protected under law. This website is not affiliated with, sponsored by, or operated by Jeopardy Productions, Inc. Join the discussion at JBoard.tv.